Online
Catalog

Detrás de la cortina de azúcar / (Record no. 57325)

MARC details
000 -CABECERA
campo de control de longitud fija 02554nam a2200349 i 4500
003 - IDENTIFICADOR DEL NÚMERO DE CONTROL
campo de control DO-SdBNP
005 - FECHA Y HORA DE LA ÚLTIMA TRANSACCIÓN
campo de control 20240722111545.0
006 - CÓDIGOS DE INFORMACIÓN DE LONGITUD FIJA--CARACTERÍSTICAS DEL MATERIAL ADICIONAL
campo de control de longitud fija a||||gr|||| 00| 0
007 - CAMPO FIJO DE DESCRIPCIÓN FÍSICA--INFORMACIÓN GENERAL
campo de control de longitud fija ta
008 - DATOS DE LONGITUD FIJA--INFORMACIÓN GENERAL
campo de control de longitud fija 240722t2012 dr ||||| |||| 00| e spa d
020 ## - NÚMERO INTERNACIONAL ESTÁNDAR DEL LIBRO
Número Internacional Estándar del Libro 9789945492095
040 ## - FUENTE DE LA CATALOGACIÓN
Centro catalogador/agencia de origen DO-SdBNP
Lengua de catalogación spa
Centro/agencia transcriptor BNPHU
Normas de descripción rda
082 #4 - NÚMERO DE LA CLASIFICACIÓN DECIMAL DEWEY
Número de edición 22
Número de documento/Ítem J27d
100 1# - ENTRADA PRINCIPAL--NOMBRE DE PERSONA
Nombre de persona James, Daniel
Fechas asociadas al nombre 1914
Término indicativo de función/relación autor
9 (RLIN) 86146
245 10 - MENCIÓN DE TÍTULO
Título Detrás de la cortina de azúcar /
Mención de responsabilidad, etc. Daniel James; Asesor, Bernardo Vega; editor, León Félix Batista.
264 #4 - PRODUCCIÓN, PUBLICACIÓN, DISTRIBUCIÓN, FABRICACIÓN Y COPYRIGHT
Producción, publicación, distribución, fabricación y copyright Santo Domingo :
Nombre del de productor, editor, distribuidor, fabricante Editorial Nacional,
Fecha de producción, publicación, distribución, fabricación o copyright ©2012
300 ## - DESCRIPCIÓN FÍSICA
Extensión 76 páginas :
Dimensiones 23 cm.
336 ## - TIPO DE CONTENIDO
Fuente rdacontent
Término de tipo de contenido texto
Código de tipo de contenido txt
337 ## - TIPO DE MEDIO
Fuente rdamedia
Nombre/término del tipo de medio sin mediación
Código del tipo de medio n
338 ## - TIPO DE SOPORTE
Fuente rdacarrier
Nombre/término del tipo de soporte volumen
Código del tipo de soporte nc
490 0# - MENCIÓN DE SERIE
Mención de serie 30 de Mayo: Puerta a la Libertad
500 ## - NOTA GENERAL
Nota general Incluye datos biográficos del autor en la solapa de la cubierta.
505 ## - NOTA DE CONTENIDO CON FORMATO
Nota de contenido con formato Pólogo.
Título Detrás de la Cortina de Azúcar.--
-- Resoluciones del movimiento sindical libre y democrático contra la dictura de Rafael Leonidas Trujillo. Resolución de I Congreso de la O.R.I.T. relativa a la situación sindical en la República Dominicana. México, D. F. enero 12. de 1951.--
-- Resoluciones del III Congreso de la O.R.I.T. sobre "solidaridad con las víctimas de las dictaduras. Río de janeiro, Brasil, 12-17 de diciembre de 1952.--
-- Resoluciones del III Congreso continental de la O.R.I.T. sobre la situación de la obrera dominicana presentada por el "Comité Obrero Domocrático Dominicano en Exilio". San José, Costa Rica. 13-17 de abril de 1955.--
-- Resoluciones del III Congreso continental de la O.R.I.T. celebrado en San José de Costa Rica, del 13 al 17 de abril de 1955 por el secuestro y asesinato de Mauricio Báez.--
-- Declaración de la O.R.I.T. sobre la desaparición del prof. Jesús de Galíndez.--
-- Resolución del IX Congreso Nacional de la Confederación de Trabajador de Cuba (C.T.C.).--
-- Confederación Internacional de Organizaciones Sindicales Libres, Consejo Ejecutivo Bruselas, 2-7 de julio de 1956. Resolución sobre la República Dominicana solicitada por la O.R.I.T.--
590 ## - NOTA LOCAL (RLIN)
Nota local Inventariado 2024 / MF
650 #4 - PUNTO DE ACCESO ADICIONAL DE MATERIA--TÉRMINO DE MATERIA
Término de materia o nombre geográfico como elemento de entrada Dictadura de Trujillo
9 (RLIN) 85510
Subdivisión geográfica República Dominicana
650 #4 - PUNTO DE ACCESO ADICIONAL DE MATERIA--TÉRMINO DE MATERIA
Término de materia o nombre geográfico como elemento de entrada Clase Obrera
Subdivisión general Dictadura de Trujillo
Subdivisión geográfica República Dominicana
9 (RLIN) 16144
650 #4 - PUNTO DE ACCESO ADICIONAL DE MATERIA--TÉRMINO DE MATERIA
Término de materia o nombre geográfico como elemento de entrada Asesinato
Subdivisión cronológica Era de Trujillo, 1930-1961
Subdivisión geográfica República Dominicana
9 (RLIN) 16407
651 #4 - PUNTO DE ACCESO ADICIONAL DE MATERIA--NOMBRE GEOGRÁFICO
Nombre geográfico República Dominicana
Subdivisión general Política y Gobierno
Subdivisión cronológica Era de Trujillo, 1930-1961
9 (RLIN) 1374
700 1# - PUNTO DE ACCESO ADICIONAL--NOMBRE DE PERSONA
Nombre de persona Batista, León Félix,
Fechas asociadas al nombre 1964-
9 (RLIN) 12031
Término indicativo de función/relación editor
700 #2 - PUNTO DE ACCESO ADICIONAL--NOMBRE DE PERSONA
Nombre de persona Vega, Bernardo,
Fechas asociadas al nombre 1938 -
9 (RLIN) 3222
942 ## - ELEMENTOS DE PUNTO DE ACCESO ADICIONAL (KOHA)
Fuente del sistema de clasificación o colocación Dewey Decimal Classification
Tipo de ítem Koha Libro
Holdings
Estado de retiro Estado de pérdida Fuente del sistema de clasificación o colocación Restricciones de uso No para préstamo Código de colección Localización permanente Ubicación/localización actual Ubicación en estantería Fecha de adquisición Fuente de adquisición Total de préstamos Signatura topográfica completa Código de barras Fecha visto por última vez Precio válido a partir de Tipo de ítem Koha
    Dewey Decimal Classification Excluido de préstamo   Patrimonio Dominicano Biblioteca Nacional Pedro Henríquez Ureña Biblioteca Nacional Pedro Henríquez Ureña En catalogación 22.07.2023 Perteneció a la biblioteca personal de Emilio Cordero Michel / Presidencia de la República   J27d 2024-4491 22.07.2024 22.07.2024 Libro

Powered by Koha